Aké pozitíva priniesli slovenským regiónom ekoinovácie v oblasti dopravy?

Vývoj a zavádzanie ekoinovácií v dopravnom priemysle a v mestskej hromadnej doprave, zavádzanie nového smeru, tzv. zdieľanej ekonomiky v osobnej doprave a význam hackathonov, špecializovaných podujatí, ako nástroja pre tvorbu a vznik dopravných ekoinovácií v regiónoch. V práci sa autorka zameriava...

Descrizione completa

Salvato in:
Dettagli Bibliografici
Autore principale: Klimeková, Barbara
Natura: Capitolo di libro
Lingua:slovacco
Soggetti:
Tags: Aggiungi Tag
Nessun Tag, puoi essere il primo ad aggiungerne!!

MARC

LEADER 00000nla a2200000 4500
001 0231101
005 20240417075120.6
041 0 |a slo 
044 |a SK 
245 1 0 |a Aké pozitíva priniesli slovenským regiónom ekoinovácie v oblasti dopravy?  |c Barbara Klimeková 
520 |a Vývoj a zavádzanie ekoinovácií v dopravnom priemysle a v mestskej hromadnej doprave, zavádzanie nového smeru, tzv. zdieľanej ekonomiky v osobnej doprave a význam hackathonov, špecializovaných podujatí, ako nástroja pre tvorbu a vznik dopravných ekoinovácií v regiónoch. V práci sa autorka zameriava na prierez vývoja tohto trendu na Slovensku a jeho prípadný ďalší potenciál. 
610 2 0 |a doprava 
610 2 0 |a doprava hromadná mestská 
610 2 0 |a regióny 
610 2 0 |a inovácia 
610 2 0 |a inovácie environmentálne 
610 2 0 |a manažment inovačný 
610 2 0 |a ekonomika zdieľaná 
610 2 0 |a doprava osobná 
100 1 |a Klimeková, Barbara